• 首页
  • 本馆介绍
  • 公告通知
  • 最新文献
  • 馆藏检索
  • 电子资源
  • 读者导购
  • 参考咨询
  • 我的图书馆
  • 登录
  • 详细信息显示
  • 放入我的书架
  • 预约/预借图书
  • 作者相关作品
  • 分类相关作品
  • 丛书相关作品
  • 出版社相关作品

书目信息

  • 表格格式
  • 工作单格式
  • 卡片格式
题名:
新苑
    
 
作者: ;本社 编
分册: 1981年第4期  
出版信息: 常春   吉林人民出版社  1981.04
页数: 240页
开本: 22cm
丛书名:
单 册:
中图分类: I2-55
科图分类:
主题词: 文学--中国
电子资源:
ISBN:
000 00521nam0 2200205 45
001 0310090945
005 20031219104118.8
010    @dCNY1.00
091    @a10091.827
100    @a20031009d1981 km y0chiy0120 ea
101 0  @achi
105    @a z 000yy
200 1  @a新苑@AXin Yuan@h1981年第4期@f本社编@FBen She Bian
210    @a常春@c吉林人民出版社@d1981.04
215    @a240页@d22cm
606 0  @a文学@x中国
690    @aI2-55@v3
711 02 @a本社@4编
801    @aCN@bTSTC@c20031009
905    @f1@b53068@dI2-55@e4/81
    
    新苑.1981年第4期/本社编.-常春:吉林人民出版社,1981.04
    240页;22cm
    
    
    ISBN :CNY1.00
    
●
相关链接 在E读中查询图书 在五车中查询图书 在当当中查询图书 在豆瓣中查询图书


正题名:新苑     索取号:I2-55/4/81         预约/预借

序号 登录号 条形码 馆藏地/架位号 状态 备注
1 0053068   001672531   密集书库/ [索取号:I2-55/4/81] 在馆    
唐山师范学院图书馆 欢迎您!
大连网信软件有限公司© 版权所有